000 00989nmc a2200349 a 4500
003 AR-BaBNM
005 20251128204834.0
008 086019s1979 ||||||||||||||000 | spa||
040 _cAR-BaBNM
100 1 _aVázquez-Presedo, Vicente
245 1 0 _aEl caso argentino
_bmigración de factores, comercio exterior y desarrollo 1875-1914
250 _a3ª ed.
260 _aBuenos Aires
_bEudeba
_c1979
300 1 _axvii, 229 p.
_btablas, gráfs.
490 0 _aBiblioteca de Economía: Temas
504 _aBibliografía en p. 226-230
650 4 _aHISTORIA ECONOMICA
650 4 _aCRECIMIENTO ECONOMICO
650 4 _aCOMERCIO INTERNACIONAL
650 4 _aSIGLO DIECINUEVE
650 4 _aSIGLO VEINTE
650 4 _aMIGRACION
650 4 _aINVERSIONES EXTRANJERAS
650 4 _aFERROCARRILES
650 4 _aPUERTOS
650 4 _aSERVICIOS PUBLICOS
650 4 _aINMIGRACION
650 4 _aDESARROLLO INDUSTRIAL
651 4 _aArgentina
942 _cBK
998 _cisola
999 _c8997
_d8997